| 000 | 00822nam a2200205Ia 4500 | ||
|---|---|---|---|
| 999 |
_c41523 _d41523 |
||
| 001 | 8190 | ||
| 003 | GE_BSU | ||
| 005 | 20221005145304.0 | ||
| 008 | 181216s1936ge xx |||||||||||||| ||geo|| | ||
| 040 | _cGE_BSU | ||
| 041 | _ageo | ||
| 080 | _a821.3535.1-1+821.353.1-1 ე-27 | ||
| 100 |
_aევდოშვილი, იროდიონ _915062 |
||
| 245 |
_aლექსები, პოემები : _bტ.2 / _cიროდიონ ევდოშვილი, შალვა რადიანის,შესავალი წერილით და წინასიტყვაობით |
||
| 264 |
_aთბილისი : _bფედერაცია, _c1936. |
||
| 300 |
_a306 გვ; _c20 სმ. |
||
| 653 | _aლექსები | ||
| 653 | _aპოემები. | ||
| 942 |
_cBK _2udc |
||